000 01190cam a2200301Ia 4500
001 43575156
003 OCoLC
005 20180528170702.0
008 000306s1999 nyua j 000 0 spa d
020 _a0439087805 (pbk.)
020 _a9780439087803 (pbk.)
040 _aCOB
_cCOB
_dOCLCQ
_dJAG
_dOCLCQ
_dCNL
_dCoBoFLC
041 _aspa
_heng
100 1 _aCole, Joanna.
240 1 0 _aMagic school bus explores the senses.
_lSpanish.
245 1 3 _aEl autobus magico explora los sentidos /
_cpor Joanna Cole ; ilustrado por Bruce Degen ; traducio por Pedro Gonzalez Caver.
246 3 0 _aExplora los sentidos.
260 _aNew York :
_bScholastic,
_cc1999.
300 _a[43] p. :
_bcol. ill. ;
_c21 x 26 cm.
490 0 _aAutobus magico.
500 _aTranslation of: The magic school bus explores the senses.
520 _aMs. Frizzle and her class explore the senses by traveling on the magic school bus in and out of an eye, ear, mouth, nose, and other parts of both human and animal bodies.
550 _a"Mariposa, Scholastic en espa©Þnol."
650 1 _aSenses and sensation
_vFiction.
655 1 _aSpanish language materials.
700 1 _aDegen, Bruce.
942 _cBK
999 _c20801
_d20801